000 00823nmm a2200253 a 4500
001 ocm000692548
003 TR-IsHL
005 20201028134230.0
008 131121s2008 tu tur
007 cr cn
035 _a692548
_b(N$T)
050 0 4 _aPL248.Y54
_bS5 2008
090 0 4 _aPL248.Y54
_bS5 2008
100 1 _aYiğit, Evren
245 1 0 _aSiyah nehir: kısa öyküler
_h[electronic resource] /
_cEvren Yiğit
260 _aİstanbul :
_bSınırötesi Yayınları,
_c2008
300 _a86 p.
650 4 _aDil ve Edebiyat
650 4 _aLanguage and Literature
650 0 _aKısa hikayeler, Türkçe
650 0 _aShort stories, Turkish
650 7 _aLITERARY COLLECTIONS / Middle Eastern
_2bisacsh
856 4 0 _uhttp://search.ebscohost.com/login.aspx?direct=true&scope=site&db=e011xww&AN=692548
999 _c6078
_d6078